Phonetics in Ancient India

Guardado en:
Bibliografiske detaljer
Hovedforfatter: Allen, W. Sidney
Format: Bog
Sprog:Undetermined
Udgivet: Londres, Inglaterra Oxford University Press 1965
Fag:
Tags: Tilføj Tag
Ingen Tags, Vær først til at tagge denne postø!

MARC

LEADER 00000nam a2200000Ia 4500
008 170316s9999 xx 000 0 und d
090 |a 410 A-9p 
100 |a Allen, W. Sidney 
245 |a Phonetics in Ancient India 
260 |a Londres, Inglaterra 
260 |b Oxford University Press 
260 |c 1965 
300 |a 96 páginas 
650 |a LINGÜÍSTICA 
999 |c 18219  |d 18219 
040 |a cru BVZT 
942 |c 15 D  |h 410 A-9p  |2 z